000 01260nam a2200313 i 4500
003 EG-GICUC
005 20260414113451.0
008 260414s1957 fr abdofr|||| 000 0 fre d
040 _aEG-GiCUC
_bfre
_cEG-GiCUC
_dEG-GiCUC
_eRda
082 0 4 _221
_a341.71
_bLA . R
092 0 4 _221
099 _aLaw 11 341.71 LA . R 1957
100 1 _aLasky , Melvin J
_eAuteur
245 1 0 _aLa Révolution Hongroise :
_bHistoire Du Soulèvement D'octobre D'après Les Documents, Les Dépêches, Les Rapports Des Témoins Oculaires Et Les Réactions Mondiales Réunis /
_cPar Melvin J. Lasky, Et François Bondy, Pour L'édition Française; Précédée De Une Révolution Antitotalitaire Par Raymond Aron.
264 1 _aParis :
_bLibrairie Plon,
_c1957.
300 _a327 page :
_billustration,
_c 24 cm.
336 _2rda contenu
_a texte
337 _2rda medias
_aOrdinateur
338 _2 transporteur rda
_a Ressource en ligne
490 _vLes Documents De Tribune Lirre
504 _a
546 _aTexte en français
650 1 4 _aDroit international public
700 1 _a Raymond Aron
_ePréfacier
700 1 _aBondy , François
_eCo-Auteur
856 4 0 _uhttps://fll.law.cu.edu.eg/fulltext/bks/B11-08429.pdf
905 _a48
942 _2ddc
_cBK
_e21
_n0
999 _c70837
_d70837